Sports Quiz

Random Sports or MLB Quiz
Score 0/56 Timer 06:00
1 Play Today
HRs Player % Correct
53Pete Alonso
93.4%
26Darryl Strawberry
91.6%
26Darryl Strawberry
91.6%
29Darryl Strawberry
91.6%
27Darryl Strawberry
91.6%
39Darryl Strawberry
91.6%
39Darryl Strawberry
91.6%
29Darryl Strawberry
91.6%
37Darryl Strawberry
91.6%
33David Wright
91.3%
27David Wright
91.3%
26David Wright
91.3%
30David Wright
91.3%
29David Wright
91.3%
40Mike Piazza
91%
38Mike Piazza
91%
36Mike Piazza
91%
33Mike Piazza
91%
41Carlos Beltran
78.7%
33Carlos Beltran
78.7%
27Carlos Beltran
78.7%
38Carlos Delgado
74.5%
38Carlos Delgado
74.5%
36Howard Johnson
73.2%
36Howard Johnson
73.2%
38Howard Johnson
73.2%
32Gary Carter
69%
31Yoenis Cespedes
67.3%
HRs Player % Correct
33Michael Conforto
66.4%
41Todd Hundley
62.4%
30Todd Hundley
62.4%
28Michael Conforto
60.4%
37Dave Kingman
59.2%
36Dave Kingman
59.2%
37Dave Kingman
59.2%
30Lucas Duda
56%
27Lucas Duda
56%
27Michael Conforto
53.4%
32Ike Davis
50.4%
26Curtis Granderson
48.7%
30Curtis Granderson
48.7%
29Jay Bruce
46.5%
34Bobby Bonilla
45.9%
32Robin Ventura
45.7%
27Edgardo Alfonzo
42.7%
25Edgardo Alfonzo
42.7%
29Kevin McReynolds
42.6%
27Kevin McReynolds
42.6%
26Mo Vaughn
38.2%
26Tommie Agee
34.1%
34Cliff Floyd
33.1%
28George Foster
31.2%
30Bernard Gilkey
30.4%
34Frank Thomas
29.6%
27Eddie Murray
24.6%
30Mike Cameron
23.2%
Remove Ads.
Support Sporcle.
Get the best of Sporcle when you Go Orange. This ad-free experience offers more features, more stats, and more fun while also helping to support Sporcle. Thank you for becoming a member.

You're not logged in!

Compare scores with friends on all Sporcle quizzes.
OR
Log In

Show Comments

Extras

Top Quizzes Today


Score Distribution

Your Account Isn't Verified!

In order to create a playlist on Sporcle, you need to verify the email address you used during registration. Go to your Sporcle Settings to finish the process.

Report this User

Report this user for behavior that violates our Community Guidelines.

Details: